000 00896nam a2200229Ia 4500
003 OSt
005 20250710103719.0
008 191128t2001 ck a b 000 f spa d
020 _a9586155900
040 _aCO-JMCR
_cCO-JMCR
041 _aspa
082 0 4 _aJ-N
_bFLOv
100 1 _aFlórez Brum, Andrés,
_e autor
_96986
245 1 3 _aLa vendedora de claveles /
_cAndrés Elías Flóres Brum
250 _aDécima edición
260 _aBogotá :
_bEducar,
_c©2001
300 _a86 páginas :
_bilustraciones en color ;
_c20 cm.
490 1 _aEl duende verde
520 _aCuenta la historia de dos hombres y tres mujeres que acompañados de su mamá venden claveles en las avenidas de una ciudad aprovechando el pare de los carros en los semaforos. Un buen día uno de los señores que manejaba el carro dio a guardar su perro con
650 1 4 _aNovela Infantil
_91227
942 _2ddc
_cBK
999 _c3468
_d3468